| 000 | 00923nam a2200253Ia 4500 | ||
|---|---|---|---|
| 003 | OSt | ||
| 005 | 20221005113251.0 | ||
| 006 | a|||||r|||| 00| 0 | ||
| 007 | ta | ||
| 008 | 221004b |||||||| |||| 00| 0 pan d | ||
| 020 |
_a9788130201498 (hbk) _c210 |
||
| 024 | _a2662 | ||
| 037 |
_b696, 16/01/2013, Bright Book Service _cTextual |
||
| 040 |
_aCRL _cCRL _bpan |
||
| 041 |
_2pan _apan |
||
| 082 | _aQ8441:21:g, 153Q2 | ||
| 100 | _aਨੂਰ, ਸੁਤਿੰਦਰ ਸਿੰਘ | ||
| 245 | 0 | _a» ਵਿਕਾਸ ਅਤੇ ਸੰਕਲਪੀ ਚਿਹਨ | |
| 260 |
_aਪਟਿਆਲਾ _bਪੰਜਾਬੀ ਯੂਨੀਵਰਸਿਟੀ ਭਾਰਤ _c2012 |
||
| 300 |
_a80ਪੰ _ccm. |
||
| 650 |
_aਸਿੱਖ ਧਰਮ _9156314 |
||
| 942 |
_hQ8441:21:g, 153Q2 _cTEXL _2cc |
||
| 999 |
_c1027599 _d1027599 |
||